| 000 | 01790cam a22002414a 4500 | ||
|---|---|---|---|
| 005 | 20250605163951.0 | ||
| 008 | 250528s ||||||||||||||||||||||||d | ||
| 035 | _a15394 | ||
| 020 | _a70419329 | ||
| 040 |
_aGR-AtMCL _bgre _dGR-AtMCL _eAACR2 |
||
| 245 | 1 | _aOrganizational Strategy, Structure, and Process | |
| 260 |
_bMcgraw Hill Book Company, _c1978 |
||
| 300 | _a276 | ||
| 505 | 0 | _aPreface, Theory and Applications, Introduction, The Process of Organizational Adaptation, Defenders, Prospectors, Analyzers, Reactors, Applications of the Model, Management Theory Linkages to Organizational Strategy and Structure, Mixed Strategies and Structures, Conclusions and Extensions, Industry Studies, Strategy in a Single Industry: The Case of College Textbook Publishing, Interindustry Comparisons of Strategy: Electronics and Food Processing, Management and Strategy: The Case of the Voluntary Hospital, Overview of the Literature, Prior Theory and Research, Bibliography, Index. | |
| 520 | _aPreface, Theory and Applications, Introduction, The Process of Organizational Adaptation, Defenders, Prospectors, Analyzers, Reactors, Applications of the Model, Management Theory Linkages to Organizational Strategy and Structure, Mixed Strategies and Structures, Conclusions and Extensions, Industry Studies, Strategy in a Single Industry: The Case of College Textbook Publishing, Interindustry Comparisons of Strategy: Electronics and Food Processing, Management and Strategy: The Case of the Voluntary Hospital, Overview of the Literature, Prior Theory and Research, Bibliography, Index. | ||
| 700 | 1 |
_aColeman J. Henry _91306 |
|
| 700 | 1 |
_aMeyer D. Alan _91307 |
|
| 700 | 1 |
_aMiles E. Raymond _91308 |
|
| 700 | 1 |
_aSnow C. Charles _91309 |
|
| 942 | _cBK | ||
| 999 |
_c978 _d978 |
||